<?xml version="1.0" encoding="UTF-8"?>
<collection xmlns="http://www.loc.gov/MARC21/slim">
 <record>
  <leader>04177cam a2200721   4500</leader>
  <controlfield tag="001">161685149X</controlfield>
  <controlfield tag="003">DE-627</controlfield>
  <controlfield tag="005">20240927205017.0</controlfield>
  <controlfield tag="007">tu</controlfield>
  <controlfield tag="008">151014s2015    gw ||||| c    00| ||ger c</controlfield>
  <datafield tag="015" ind1=" " ind2=" ">
   <subfield code="a">15,N24</subfield>
   <subfield code="2">dnb</subfield>
  </datafield>
  <datafield tag="016" ind1="7" ind2=" ">
   <subfield code="a">1071910183</subfield>
   <subfield code="2">DE-101</subfield>
  </datafield>
  <datafield tag="020" ind1=" " ind2=" ">
   <subfield code="a">9783868286342</subfield>
   <subfield code="c">Gb. : ca. EUR 40.00 (DE), ca. EUR 41.20 (AT), ca. sfr 53.90 (freier Pr.)</subfield>
   <subfield code="9">978-3-86828-634-2</subfield>
  </datafield>
  <datafield tag="024" ind1="3" ind2=" ">
   <subfield code="a">9783868286342</subfield>
  </datafield>
  <datafield tag="035" ind1=" " ind2=" ">
   <subfield code="a">(DE-627)161685149X</subfield>
  </datafield>
  <datafield tag="035" ind1=" " ind2=" ">
   <subfield code="a">(DE-576)446356301</subfield>
  </datafield>
  <datafield tag="035" ind1=" " ind2=" ">
   <subfield code="a">(DE-599)DNB1071910183</subfield>
  </datafield>
  <datafield tag="035" ind1=" " ind2=" ">
   <subfield code="a">(OCoLC)927834212</subfield>
  </datafield>
  <datafield tag="040" ind1=" " ind2=" ">
   <subfield code="a">DE-627</subfield>
   <subfield code="b">ger</subfield>
   <subfield code="c">DE-627</subfield>
   <subfield code="e">rakwb</subfield>
  </datafield>
  <datafield tag="041" ind1=" " ind2=" ">
   <subfield code="a">ger</subfield>
  </datafield>
  <datafield tag="044" ind1=" " ind2=" ">
   <subfield code="c">XA-DE-BW</subfield>
  </datafield>
  <datafield tag="082" ind1="0" ind2=" ">
   <subfield code="a">700</subfield>
  </datafield>
  <datafield tag="082" ind1="0" ind2="4">
   <subfield code="a">700</subfield>
  </datafield>
  <datafield tag="084" ind1=" " ind2=" ">
   <subfield code="a">9,10</subfield>
   <subfield code="2">ssgn</subfield>
  </datafield>
  <datafield tag="084" ind1=" " ind2=" ">
   <subfield code="a">KK 1030</subfield>
   <subfield code="2">rvk</subfield>
   <subfield code="0">(DE-625)rvk/77242:</subfield>
  </datafield>
  <datafield tag="084" ind1=" " ind2=" ">
   <subfield code="a">LO 75030</subfield>
   <subfield code="2">rvk</subfield>
   <subfield code="0">(DE-625)rvk/104352:</subfield>
  </datafield>
  <datafield tag="245" ind1="1" ind2="0">
   <subfield code="a">Liebe in Zeiten der Revolution</subfield>
   <subfield code="b">Künstlerpaare der russischen Avantgarde; [... erscheint anlässlich der Ausstellung &quot;Liebe in Zeiten der Revolution - Künstlerpaare der russischen Avantgarde&quot;, 14. Oktober 2015 bis 31. Januar 2016, Bank Austria Kunstforum Wien]</subfield>
   <subfield code="c">hrsg. von Ingried Brugger ... Mit Beitr. von Heike Eipeldauer ...</subfield>
  </datafield>
  <datafield tag="264" ind1=" " ind2="1">
   <subfield code="a">Heidelberg</subfield>
   <subfield code="a">Berlin</subfield>
   <subfield code="b">Kehrer</subfield>
   <subfield code="c">2015</subfield>
  </datafield>
  <datafield tag="300" ind1=" " ind2=" ">
   <subfield code="a">199 S.</subfield>
   <subfield code="b">überw Ill.</subfield>
   <subfield code="c">280 mm x 250 mm</subfield>
  </datafield>
  <datafield tag="336" ind1=" " ind2=" ">
   <subfield code="a">Text</subfield>
   <subfield code="b">txt</subfield>
   <subfield code="2">rdacontent</subfield>
  </datafield>
  <datafield tag="336" ind1=" " ind2=" ">
   <subfield code="a">unbewegtes Bild</subfield>
   <subfield code="b">sti</subfield>
   <subfield code="2">rdacontent</subfield>
  </datafield>
  <datafield tag="337" ind1=" " ind2=" ">
   <subfield code="a">ohne Hilfsmittel zu benutzen</subfield>
   <subfield code="b">n</subfield>
   <subfield code="2">rdamedia</subfield>
  </datafield>
  <datafield tag="338" ind1=" " ind2=" ">
   <subfield code="a">Band</subfield>
   <subfield code="b">nc</subfield>
   <subfield code="2">rdacarrier</subfield>
  </datafield>
  <datafield tag="583" ind1="1" ind2=" ">
   <subfield code="a">Archivierung/Langzeitarchivierung gewährleistet</subfield>
   <subfield code="f">PEBW</subfield>
   <subfield code="x">XA-DE-BW</subfield>
   <subfield code="2">pdager</subfield>
   <subfield code="5">DE-31</subfield>
  </datafield>
  <datafield tag="583" ind1="1" ind2=" ">
   <subfield code="a">Archivierung/Langzeitarchivierung gewährleistet</subfield>
   <subfield code="f">SSG</subfield>
   <subfield code="x">XA-DE-BW</subfield>
   <subfield code="2">pdager</subfield>
   <subfield code="5">DE-16</subfield>
  </datafield>
  <datafield tag="655" ind1=" " ind2="7">
   <subfield code="a">Ausstellungskatalog</subfield>
   <subfield code="x">Bank Austria Kunstforum Wien</subfield>
   <subfield code="y">14.10.2015-31.01.2016</subfield>
   <subfield code="z">Wien</subfield>
   <subfield code="0">(DE-588)4135467-9</subfield>
   <subfield code="0">(DE-627)10566491X</subfield>
   <subfield code="0">(DE-576)209660988</subfield>
   <subfield code="2">gnd-content</subfield>
  </datafield>
  <datafield tag="689" ind1="0" ind2="0">
   <subfield code="d">g</subfield>
   <subfield code="0">(DE-588)4076899-5</subfield>
   <subfield code="0">(DE-627)104251980</subfield>
   <subfield code="0">(DE-576)209203366</subfield>
   <subfield code="a">Russland</subfield>
   <subfield code="2">gnd</subfield>
  </datafield>
  <datafield tag="689" ind1="0" ind2="1">
   <subfield code="d">g</subfield>
   <subfield code="0">(DE-588)4395034-6</subfield>
   <subfield code="0">(DE-627)190716460</subfield>
   <subfield code="0">(DE-576)211986631</subfield>
   <subfield code="a">Russische SFSR</subfield>
   <subfield code="2">gnd</subfield>
  </datafield>
  <datafield tag="689" ind1="0" ind2="2">
   <subfield code="d">s</subfield>
   <subfield code="0">(DE-588)4114333-4</subfield>
   <subfield code="0">(DE-627)105822957</subfield>
   <subfield code="0">(DE-576)209483733</subfield>
   <subfield code="a">Kunst</subfield>
   <subfield code="2">gnd</subfield>
  </datafield>
  <datafield tag="689" ind1="0" ind2="3">
   <subfield code="d">s</subfield>
   <subfield code="0">(DE-588)4133965-4</subfield>
   <subfield code="0">(DE-627)104805811</subfield>
   <subfield code="0">(DE-576)209648287</subfield>
   <subfield code="a">Avantgarde</subfield>
   <subfield code="2">gnd</subfield>
  </datafield>
  <datafield tag="689" ind1="0" ind2="4">
   <subfield code="d">s</subfield>
   <subfield code="0">(DE-588)4033423-5</subfield>
   <subfield code="0">(DE-627)106257307</subfield>
   <subfield code="0">(DE-576)209001941</subfield>
   <subfield code="a">Künstler</subfield>
   <subfield code="2">gnd</subfield>
  </datafield>
  <datafield tag="689" ind1="0" ind2="5">
   <subfield code="d">s</subfield>
   <subfield code="0">(DE-588)4194066-0</subfield>
   <subfield code="0">(DE-627)105222356</subfield>
   <subfield code="0">(DE-576)210091606</subfield>
   <subfield code="a">Liebespaar</subfield>
   <subfield code="2">gnd</subfield>
  </datafield>
  <datafield tag="689" ind1="0" ind2="5">
   <subfield code="a">z</subfield>
   <subfield code="2">gnd</subfield>
   <subfield code="a">Geschichte 1907-1934</subfield>
  </datafield>
  <datafield tag="689" ind1="0" ind2=" ">
   <subfield code="5">DE-101</subfield>
  </datafield>
  <datafield tag="700" ind1="1" ind2=" ">
   <subfield code="a">Brugger, Ingried</subfield>
   <subfield code="d">1960-</subfield>
   <subfield code="e">Hrsg.</subfield>
   <subfield code="0">(DE-588)132122871</subfield>
   <subfield code="0">(DE-627)518147614</subfield>
   <subfield code="0">(DE-576)165498056</subfield>
   <subfield code="4">edt</subfield>
  </datafield>
  <datafield tag="700" ind1="1" ind2=" ">
   <subfield code="a">Eipeldauer, Heike</subfield>
   <subfield code="d">1978-</subfield>
   <subfield code="0">(DE-588)136513581</subfield>
   <subfield code="0">(DE-627)584085060</subfield>
   <subfield code="0">(DE-576)301057842</subfield>
   <subfield code="4">oth</subfield>
  </datafield>
  <datafield tag="710" ind1="2" ind2=" ">
   <subfield code="a">Kunstforum Wien</subfield>
   <subfield code="0">(DE-588)5000178-4</subfield>
   <subfield code="0">(DE-627)102288232</subfield>
   <subfield code="0">(DE-576)193213907</subfield>
   <subfield code="4">oth</subfield>
  </datafield>
  <datafield tag="711" ind1="2" ind2=" ">
   <subfield code="a">Ausstellung Liebe in Zeiten der Revolution - Künstlerpaare der Russischen Avantgarde</subfield>
   <subfield code="d">2015-2016</subfield>
   <subfield code="c">Wien</subfield>
   <subfield code="0">(DE-588)1077563876</subfield>
   <subfield code="0">(DE-627)837229316</subfield>
   <subfield code="0">(DE-576)446356239</subfield>
   <subfield code="4">oth</subfield>
  </datafield>
  <datafield tag="787" ind1="0" ind2="8">
   <subfield code="i">Rezensiert in</subfield>
   <subfield code="a">Leimer, Miriam</subfield>
   <subfield code="t">[Rezension von: Ingried Brugger, Heike Eipeldauer, Florian Steininger (Hrsg.), Liebe in Zeiten der Revolution]</subfield>
   <subfield code="d">Regensburg : Verlag Schnell &amp; Steiner GmbH, 2016</subfield>
   <subfield code="w">(DE-627)168767759X</subfield>
  </datafield>
  <datafield tag="856" ind1="4" ind2="2">
   <subfield code="u">http://deposit.dnb.de/cgi-bin/dokserv?id=5285664&amp;prov=M&amp;dok_var=1&amp;dok_ext=htm</subfield>
   <subfield code="m">X:MVB</subfield>
   <subfield code="q">text/html</subfield>
   <subfield code="3">Inhaltstext</subfield>
  </datafield>
  <datafield tag="856" ind1="4" ind2="2">
   <subfield code="u">http://d-nb.info/1071910183/04</subfield>
   <subfield code="m">B:DE-101</subfield>
   <subfield code="q">application/pdf</subfield>
   <subfield code="3">Inhaltsverzeichnis</subfield>
  </datafield>
  <datafield tag="936" ind1="r" ind2="v">
   <subfield code="a">KK 1030</subfield>
   <subfield code="b">Geschichte der Musik und bildenden Kunst</subfield>
   <subfield code="k">Slawistik</subfield>
   <subfield code="k">Russische Sprache und Literatur</subfield>
   <subfield code="k">Russische Literatur: 1917 bis Gegenwart</subfield>
   <subfield code="k">Grenzbereiche der literarischen Forschung</subfield>
   <subfield code="k">Geschichte der Musik und bildenden Kunst</subfield>
   <subfield code="0">(DE-627)1271028034</subfield>
   <subfield code="0">(DE-625)rvk/77242:</subfield>
   <subfield code="0">(DE-576)201028034</subfield>
  </datafield>
  <datafield tag="936" ind1="r" ind2="v">
   <subfield code="a">LO 75030</subfield>
   <subfield code="b">19. und 20. Jahrhundert</subfield>
   <subfield code="k">Kunstgeschichte</subfield>
   <subfield code="k">Kunst nach Ländern bzw. Kontinenten</subfield>
   <subfield code="k">Russland und postsowjetischer Raum</subfield>
   <subfield code="k">Russische Kunstgeschichte nach Epochen</subfield>
   <subfield code="k">19. und 20. Jahrhundert</subfield>
   <subfield code="0">(DE-627)1270645358</subfield>
   <subfield code="0">(DE-625)rvk/104352:</subfield>
   <subfield code="0">(DE-576)200645358</subfield>
  </datafield>
  <datafield tag="951" ind1=" " ind2=" ">
   <subfield code="a">BO</subfield>
  </datafield>
  <datafield tag="990" ind1=" " ind2=" ">
   <subfield code="a">Russland</subfield>
  </datafield>
  <datafield tag="990" ind1=" " ind2=" ">
   <subfield code="a">Russische SFSR</subfield>
  </datafield>
  <datafield tag="990" ind1=" " ind2=" ">
   <subfield code="a">Kunst</subfield>
  </datafield>
  <datafield tag="990" ind1=" " ind2=" ">
   <subfield code="a">Avantgarde</subfield>
  </datafield>
  <datafield tag="990" ind1=" " ind2=" ">
   <subfield code="a">Künstler</subfield>
  </datafield>
  <datafield tag="990" ind1=" " ind2=" ">
   <subfield code="a">Liebespaar</subfield>
  </datafield>
  <datafield tag="990" ind1=" " ind2=" ">
   <subfield code="a">Geschichte 1907-1934</subfield>
  </datafield>
  <datafield tag="991" ind1=" " ind2=" ">
   <subfield code="a">Rezensiertes Werk</subfield>
  </datafield>
  <datafield tag="999" ind1=" " ind2=" ">
   <subfield code="a">KXP-PPN161685149X</subfield>
   <subfield code="e">4113012024</subfield>
  </datafield>
 </record>
</collection>
